00421nam a2200145Ia 4500008004100000020001500041041001200056082001600068100002300084245008600107260004900193300000800242650000700250700001800257221030s9999 xx 000 0 und d a8122410421 aEnglish a105.23bBha aS. K. Bhattacharya 0aExperiments in Basic Eelctrical Engineeringcby S. K. Bhattacharya, K. M. Rastogi bNew Age International Pub.aNew Delhic1997 a275 aEE aK. M. Rastogi